| 000 | 00681cam a22002171 4500 | ||
|---|---|---|---|
| 001 | sa 64006535 | ||
| 003 | DLC | ||
| 005 | 20260227112040.0 | ||
| 008 | 850515s1960 io f000 0 ind | ||
| 010 | _asa 64006535 | ||
| 035 | _a(OCoLC)12039353 | ||
| 040 |
_aDLC _cIDeKN _dDLC |
||
| 042 | _apremarc | ||
| 043 | _aa-io--- | ||
| 050 | 0 | 0 |
_aDS644 _b.2 1960.S95 |
| 100 | 1 |
_aSoekarno, _d1901-1970. |
|
| 245 | 1 | 0 |
_aMentjapai moralitet tinggi : _bamanat pada pembukaan Konperensi Dinas Departemen Kedjaksaan ke-I di Surabaja, pada tanggal 30 Oktober 1960. |
| 260 |
_a[Djakarta] : _bDepartemen Penerangan, _c[1960] |
||
| 300 |
_a20 p. ; _c22 cm. |
||
| 440 | 0 |
_aPenerbitan chusus ; _v149 |
|
| 999 |
_c59757 _d59757 |
||